| 000 | 00983nam a22002537a 4500 | ||
|---|---|---|---|
| 005 | 20170124103026.0 | ||
| 010 | _aA-125457 | ||
| 020 | _c20.00 | ||
| 035 | _aA-125457 | ||
| 037 | _bCen Lib/Ret | ||
| 040 |
_aDPL _bHN |
||
| 082 |
_aक _bकुमार |
||
| 100 |
_aकुमार संभव _962039 |
||
| 245 |
_aजंग का मैदान / _cकुमार संभव |
||
| 246 |
_aJang ka maidan / _bby Kumar Sambhav |
||
| 260 |
_aइलाहाबाद _bप्रतिमान प्रकाशन _c1982 |
||
| 270 |
_a94, चौक गंगादास _bइलाहाबाद _e211003 |
||
| 300 |
_a118पृ. _c17सेमी (सजिल्द) |
||
| 650 |
_aहिंदी साहित्य _962040 |
||
| 650 |
_aहिंदी साहित्य --लघु कथाएँ _962041 |
||
| 650 |
_aHindi literature _962042 |
||
| 650 |
_aHindi literature--Short Stories _962043 |
||
| 942 |
_2ddc _cHN _hक _mकुमार |
||
| 999 |
_c115577 _d115577 |
||